[Event "Budapest Spring Festival 2019"]
[Site "Budapest"]
[Date "2019.04.16"]
[Round "8.9"]
[White "Asadli, Vugar"]
[Black "Aryan Chopra"]
[Result "1/2-1/2"]
[WhiteElo "2454"]
[BlackElo "2547"]
[Annotator "TA"]
[PlyCount "72"]
[EventDate "2019.04.09"]
[EventType "swiss"]
[EventCountry "HUN"]
[SourceTitle "playchess.com"]
[Source "ChessBase"]
[SourceQuality "1"]

{[%evp 11,72,4,21,0,3,13,31,21,29,0,0,0,0,-7,0,-21,-27,-28,-21,-22,-17,-27,-16,-12,-20,-38,20,13,197,192,191,185,303,293,299,310,303,279,304,304,290,252,250,161,120,0,0,-56,-61,-116,-112,-116,0,0,0,0,0,0,0,0,0,0,0]} 1. e4 c5 2. Nf3 d6 3. d4 cxd4 4. Nxd4 Nf6 5. Nc3 a6 6. h3 b5 7. g4 {B90: Sicilian Najdorf: Unusual White 6th moves, 6 Be3 Ng4 and 6 Be3 e5} Bb7 8. Bg2 Nc6 9. g5 {White is slightly better.} Nd7 10. a3 $146 ({Predecessor:} 10. Nf5 b4 11. Ne2 Qc7 12. O-O e6 13. Nfg3 Be7 14. f4 O-O {1-0 (41) Martirosyan,H (2597)-Santos Ruiz,M (2524) Manavgat 2018}) 10... Rc8 11. Nxc6 Bxc6 12. h4 e6 13. h5 h6 14. g6 fxg6 15. hxg6 Qf6 16. Qh5 Ne5 17. f4 Nc4 18. Rh3 Bd7 (18... Be7 $1 $15) 19. b3 $11 Ne3 $2 (19... Nxa3 $1 $11 {and Black is okay.} 20. Rxa3 Rxc3 21. Rxa6 Rxc2 {[%mdl 64] Double Attack} 22. Ra8+ Rc8 23. Rxc8+ Bxc8) 20. Rxe3 $18 {Bd2 is the strong threat.} Rxc3 21. e5 $36 {[%mdl 2048] White has strong initiative.} Qf5 (21... Rxe3+ {might work better.} 22. Bxe3 Qf5 23. Qxf5 exf5) 22. Qxf5 {Intending Qf7+ and mate.} Rxe3+ 23. Bxe3 exf5 24. Bd5 h5 25. Rd1 h4 26. Bb6 {White wants to mate with Bf7+.} Be7 27. Kf1 {aiming for Bf7+.} h3 {[#]} 28. exd6 ({Better is} 28. Kg1 $1 $16) 28... Bxd6 $11 {[%mdl 64] Double Attack} 29. Bd4 (29. Bf3 $11 Ke7 30. Re1+ Kf6 31. Rd1) 29... h2 $1 $15 {[%cal Rh2h1]} 30. Kf2 (30. Kg2 $15 Rh6 31. Be5) 30... Rh6 $17 31. Rh1 Rxg6 ({Black should play} 31... Kf8 $17 32. Kf3 Bxa3) 32. Rxh2 $11 {The position is equal.} Bxf4 33. Rh7 Bc6 34. Rxg7 {Strongly threatening Bf7+.} Rxg7 35. Bxc6+ {[#]} Rd7 $1 {[%mdl 512]} 36. Kf3 (36. Bxd7+ Kxd7) 36... Bd6 {Accuracy: White = 57%, Black = 66%.} 1/2-1/2

[Event "Budapest Spring Festival 2019"]
[Site "Budapest"]
[Date "2019.04.16"]
[Round "8.10"]
[White "Akesson, Ralf"]
[Black "Markus, Robert"]
[Result "0-1"]
[WhiteElo "2346"]
[BlackElo "2600"]
[Annotator "TA"]
[PlyCount "120"]
[EventDate "2019.04.09"]
[EventType "swiss"]
[EventCountry "HUN"]
[SourceTitle "playchess.com"]
[Source "ChessBase"]
[SourceQuality "1"]

{[%evp 23,120,20,36,37,38,24,19,10,15,24,25,8,3,0,3,14,12,0,0,0,12,0,0,-32,-32,-30,-32,-29,-27,-35,-35,-47,-45,-63,-44,-91,-90,-91,-90,-94,-56,-56,-56,-56,-56,-81,-88,-95,-46,-84,-91,-83,-83,-98,-97,-190,-190,-199,-214,-29984,-5581,-5585,-149,-161,-90,-91,-89,-96,-84,-84,-75,-75,-75,-75,-75,-75,-72,-89,-89,-113,-113,-140,-139,-156,-156,-154,-120,-262,-247,-202,-142,-966,-966,-910,-906,-837,-711,-695,-681]} 1. d4 Nf6 2. c4 d6 3. Nf3 Nbd7 4. Nc3 e5 5. e4 g6 6. Be2 Bg7 7. O-O O-O 8. Qc2 c6 9. Rd1 Qe7 10. Rb1 exd4 11. Nxd4 Nc5 12. f3 a5 13. Bg5 {E94: King's Indian: Classical: 6 Be2 e5 7 0-0: Various Black 7th moves} Re8 {[#]} 14. Bh4 $146 ({Predecessor:} 14. Bf1 Qc7 15. Qd2 Nfd7 16. Nc2 a4 17. Kh1 Be5 18. b4 axb3 19. axb3 Nf8 20. Ne3 Qb6 {1-0 (71) Jankovic,A (2571)-Casper,T (2415) Neustadt an der Weinstrasse 2009}) 14... Qf8 15. Qd2 {The position is equal.} Nfd7 16. Bf1 Ne5 17. b3 f5 18. exf5 Bxf5 19. Nxf5 Qxf5 20. Rbc1 Nf7 21. Qc2 Qh5 22. Bg3 Re3 23. Qd2 Rxc3 24. Rxc3 {And now Re3 would win.} Ne4 $1 $36 {[%cal Re4d2][%mdl 2048] White is under pressure.} 25. fxe4 Bxc3 26. Qe2 Qg5 27. Bf2 Bb4 28. Kh1 Re8 29. Qf3 Ne5 30. Qg3 Qh5 31. Rb1 Ng4 32. Bd3 Nxf2+ 33. Qxf2 {next Rf1 is good for White.} Rf8 34. Qg3 Bc5 35. Rf1 Rxf1+ 36. Bxf1 Qd1 {[%cal Rd1f1]} 37. Qd3 Qa1 38. a4 Qf6 {( -> ...Qf2)} 39. h3 (39. Be2 $17) 39... Qf2 $19 {[%csl Gc5][%cal Rf2g1]} 40. Kh2 Bd4 41. Qf3 $2 {[#]} (41. c5 $19) 41... Qg1+ $1 42. Kg3 Kg7 $2 (42... Be5+ $19 {is more deadly.} 43. Kg4 h5+ 44. Kh4 Kg7) 43. Qe2 $17 Be5+ (43... h5 $19 44. Kf3 Bb6) 44. Kf3 Qd4 45. g3 Qc3+ 46. Qd3 Qb2 47. Be2 Kf6 48. h4 Ke7 49. Kg4 Qc1 {Strongly threatening ...h5+.} 50. Bd1 Kd8 51. Kh3 Kc7 52. h5 Kb6 53. hxg6 hxg6 54. Kg2 Kc5 55. Bg4 (55. Kf3 $17 {keeps fighting.}) 55... Kb4 $19 56. Bd1 Qb2+ 57. Kh3 $2 {[%mdl 8192] [#]} (57. Kf1 $17) 57... Qc3 $1 {[%cal Rc3d3] Black is clearly winning.} 58. Qxc3+ Kxc3 ({Not} 58... Bxc3 59. g4 $17) 59. Kh4 Kd2 60. Bg4 Kc2 {Accuracy: White = 48%, Black = 79%.} 0-1

[Event "Budapest Spring Festival 2019"]
[Site "Budapest"]
[Date "2019.04.16"]
[Round "8.11"]
[White "Sedlak, Nikola"]
[Black "Ravi, Teja S."]
[Result "0-1"]
[WhiteElo "2598"]
[BlackElo "2383"]
[Annotator "TA"]
[PlyCount "74"]
[EventDate "2019.04.09"]
[EventType "swiss"]
[EventCountry "HUN"]
[SourceTitle "playchess.com"]
[Source "ChessBase"]
[SourceQuality "1"]

{[%evp 11,74,16,25,23,30,14,23,22,27,24,21,16,28,0,0,0,0,-13,-16,-21,-16,-38,-39,-35,-35,-87,-37,-45,-25,-30,0,0,19,12,14,14,13,0,2,0,24,0,16,0,0,31,27,0,32,0,0,0,13,-39,-49,-37,60,56,65,-224,-233,-1272,-1228,-29979,-29979]} 1. e4 c5 2. Nf3 d6 3. Nc3 a6 4. d4 cxd4 5. Nxd4 Nf6 6. g3 g6 7. Bg2 {B91: Sicilian Najdorf: 6 g3} Bg7 8. h3 O-O 9. Be3 {White has an edge.} (9. O-O Bd7 10. Be3 Nc6 11. Nde2 Rc8 12. b3 b5 13. Nd5 Be6 14. Qd2 Ne5 15. f4 Ned7 16. Nd4 Nc5 17. Nxe6 Nxe6 18. Rac1 Nc5 19. Nxf6+ Bxf6 {½-½ (98) Grischuk,A (2767)-Nepomniachtchi,I (2751) Moscow 2018}) 9... Nc6 10. Qd2 Bd7 11. O-O Rc8 12. a4 Nxd4 $146 ({Predecessor:} 12... Re8 13. Nde2 Qa5 14. Kh2 Ne5 {½-½ (68) Cuhra,M (2180)-Trichkov,V (2318) Czech Republic 2016}) 13. Bxd4 Rc4 14. Qd3 Be6 15. Ne2 Qc8 16. c3 Rc6 17. Bxf6 Bxf6 18. e5 (18. Kh2 $15) 18... Bxe5 19. Bxc6 Qxc6 20. Kh2 Qc8 (20... Bc4 $5 {[%cal Rc4d3]} 21. Qe3 Bg7 $11) 21. h4 Qc5 22. Qe3 Qc4 23. Nd4 Bd7 24. a5 Rc8 25. Rfe1 f5 26. Rad1 Qa2 27. Nf3 Bf6 28. Qb6 Bc6 29. Nd4 Bd5 30. Qb4 Rc4 $36 {[%mdl 2048] Black has good play.} 31. Qb6 {Strongly threatening Ra1.} Rc5 32. Qd8+ ({White should play} 32. Ra1 $11 Qc4 33. Re3 (33. Qd8+ Kf7 $11)) 32... Kf7 $15 33. Qd7 Qxb2 (33... Qc4 $15) 34. Re2 $1 $14 {[%cal Re2b2]} Qxc3 {[%mdl 64] [#] aiming for ...Rc7. Double Attack} 35. Rde1 $2 {[%mdl 8192] [#]} (35. Nxf5 $1 $14 {[%mdl 512] was the only good move.} gxf5 36. Rxd5 $1 {[%mdl 576] Remove Defender, Decoy}) 35... Be4 $1 $19 ({Weaker is} 35... Qxd4 36. Rxe7+ Bxe7 37. Rxe7+ Kf6 38. Qxd6+ Be6 39. Qxe6#) 36. f3 $2 (36. Rxe4 fxe4 37. Rxe4) 36... Bxd4 37. fxe4 {[#]} Bf2 $1 {[%mdl 512] Accuracy: White = 40%, Black = 49%.} 0-1

[Event "Budapest Spring Festival 2019"]
[Site "Budapest"]
[Date "2019.04.16"]
[Round "8.12"]
[White "Horvath, Adam"]
[Black "Pranav Anand"]
[Result "1-0"]
[WhiteElo "2533"]
[BlackElo "2359"]
[Annotator "RC"]
[PlyCount "205"]
[EventDate "2019.04.09"]
[EventType "swiss"]
[EventCountry "HUN"]
[SourceTitle "playchess.com"]
[Source "ChessBase"]
[SourceQuality "1"]
[TimeControl "40/5400+30:1800+30"]

1. e4 {[%emt 0:05:41]} e5 {[%emt 0:00:10]} 2. Nf3 {[%emt 0:00:06]} Nc6 {[%emt 0:00:04]} 3. Bb5 {[%emt 0:00:05]} a6 {[%emt 0:00:04]} 4. Ba4 {[%emt 0:00:05]} Nf6 {[%emt 0:00:05]} 5. O-O {[%emt 0:00:07]} Be7 {[%emt 0:00:02]} 6. Re1 {[%emt 0:00:07]} b5 {[%emt 0:00:03]} 7. Bb3 {[%emt 0:00:05]} d6 {[%emt 0:00:03]} 8. a4 {[%emt 0:00:09]} Bb7 {[%emt 0:01:40]} 9. d3 {[%emt 0:00:06]} O-O {[%emt 0:04:23]} 10. Nbd2 {[%emt 0:00:47]} Na5 {[%emt 0:04:52]} 11. Ba2 {[%emt 0:00:13]} c5 {[%emt 0:00:12]} 12. Nf1 {[%emt 0:00:05]} Bc8 {[%emt 0:01:56]} 13. axb5 {[%emt 0:01:26]} axb5 {[%emt 0:00:08]} 14. b4 {[%emt 0:00:05]} cxb4 {[%emt 0:02:20]} 15. Bd2 {[%emt 0:00:04]} Be6 {[%emt 0:01:55]} 16. Bxe6 {[%emt 0:04:49]} fxe6 {[%emt 0:00:20]} 17. Bxb4 {[%emt 0:10:00]} Nc6 {[%emt 0:01:21]} 18. Bd2 {[%emt 0:00:17]} Nd7 {[%emt 0:15:22]} 19. Qb1 {[%emt 0:15:24]} Qb6 {[%emt 0:13:37]} 20. Rxa8 {[%emt 0:10:00]} Rxa8 {[%emt 0:00:08]} 21. Be3 {[%emt 0:00:11]} Qa5 {[%emt 0:04:33]} 22. Qb3 {[%emt 0:01:12]} Kf7 {[%emt 0:00:21]} 23. Rb1 {[%emt 0:03:13]} b4 {[%emt 0:06:53]} 24. d4 {[%emt 0:06:53]} d5 {[%emt 0:12:35]} 25. exd5 {[%emt 0:23:32]} Qxd5 {[%emt 0:01:02]} 26. c4 {[%emt 0:00:04]} bxc3 {[%emt 0:01:54]} 27. Qxc3 {[%emt 0:00:08]} exd4 {[%emt 0:05:20]} 28. Nxd4 {[%emt 0:10:19]} Nxd4 {[%emt 0:00:16]} 29. Bxd4 {[%emt 0:00:05]} Ra3 {[%emt 0:01:08]} 30. Qd2 {[%emt 0:02:18]} Ra4 {[%emt 0:03:20]} 31. Rd1 {[%emt 0:02:17]} Bf6 {[%emt 0:01:00]} 32. Bxf6 {[%emt 0:04:39]} Qxd2 {[%emt 0:00:07]} 33. Rxd2 {[%emt 0:00:25]} Nxf6 {[%emt 0:00:05]} 34. g3 {[%emt 0:00:18]} Nd5 {[%emt 0:00:23]} 35. Rb2 {[%emt 0:00:12]} Kf6 {[%emt 0:01:18]} 36. Nd2 {[%emt 0:00:26]} Kf5 {[%emt 0:01:50]} 37. Rb7 {[%emt 0:01:14]} Kf6 {[%emt 0:00:32]} 38. Kg2 {[%emt 0:00:17]} Rd4 39. Nf3 {[%emt 0:00:19]} Rd1 {[%emt 0:01:43]} 40. h4 {[%emt 0:00:00]} h6 {[%emt 0:00:00]} 41. Nh2 {[%emt 0:02:44]} h5 {[%emt 0:11:06]} 42. Nf3 {[%emt 0:00:44]} Rc1 {[%emt 0:00:27]} 43. Ng5 {[%emt 0:00:52]} Rc7 {[%emt 0:00:25]} 44. Rb8 {[%emt 0:00:06]} Kf5 {[%emt 0:00:14]} 45. Rb5 {[%emt 0:11:32]} Rc2 {[%emt 0:01:12]} 46. Ra5 {[%emt 0:00:11]} Rc6 {[%emt 0:00:30]} 47. Ra7 {[%emt 0:00:51]} Rc7 {[%emt 0:01:03]} 48. Ra6 {[%emt 0:00:09]} Re7 {[%emt 0:00:48]} 49. Ra5 {[%emt 0:02:50]} Rc7 {[%emt 0:00:10]} 50. Nf3 {[%emt 0:00:34]} Kf6 {[%emt 0:03:51]} 51. Ra8 {[%emt 0:00:48]} Rb7 {[%emt 0:02:06]} 52. Rh8 {[%emt 0:00:48]} g6 {[%emt 0:00:52]} 53. Ng5 {[%emt 0:00:26]} Re7 {[%emt 0:00:52]} 54. Rd8 {[%emt 0:02:02]} Kf5 {[%emt 0:05:57]} 55. Rf8+ {[%emt 0:02:57]} Nf6 {[%emt 0:08:15]} 56. f3 {[%emt 0:02:18]} Ke5 {[%emt 0:00:32]} 57. Nf7+ {[%emt 0:09:33]} Kd4 {[%emt 0:00:13]} 58. Nh8 {[%emt 0:00:11]} Nd5 {[%emt 0:01:30]} 59. Nxg6 {[%emt 0:00:33]} Rg7 {[%emt 0:03:41]} 60. Nf4 {[%emt 0:00:06]} Nxf4+ {[%emt 0:02:15]} 61. Rxf4+ {[%emt 0:00:06]} Kd5 {[%emt 0:02:07]} 62. Rf8 {[%emt 0:00:06]} Rh7 {[%emt 0:00:10]} 63. Kh3 {[%emt 0:00:07]} e5 {[%emt 0:00:08]} 64. Rd8+ {[%emt 0:02:14]} Ke6 {[%emt 0:00:08]} 65. Re8+ {[%emt 0:00:05]} Kf6 {[%emt 0:00:18]} 66. g4 {[%emt 0:00:06]} hxg4+ {[%emt 0:00:31]} 67. fxg4 {[%emt 0:00:04]} Ra7 {[%emt 0:00:17]} 68. g5+ {[%emt 0:00:10]} Kg6 {[%emt 0:00:56]} 69. Re6+ {[%emt 0:00:06]} Kg7 {[%emt 0:00:20]} 70. h5 {[%emt 0:00:35]} Ra1 {[%emt 0:00:23]} 71. Re7+ {[%emt 0:00:26]} Kf8 {[%emt 0:00:12]} 72. Rxe5 {[%emt 0:00:05]} Ra4 {[%emt 0:00:57]} 73. Rb5 {[%emt 0:00:06]} Rc4 {[%emt 0:00:12]} 74. Kg3 {[%emt 0:00:12]} Kf7 {[%emt 0:00:21]} 75. Rf5+ {[%emt 0:00:21]} Kg7 {[%emt 0:00:17]} 76. Rf4 {[%emt 0:00:11]} Rc1 {[%emt 0:00:19]} 77. Ra4 {[%emt 0:00:29]} Rg1+ {[%emt 0:00:11]} 78. Kf4 {[%emt 0:00:05]} Rf1+ {[%emt 0:00:08]} 79. Ke5 {[%emt 0:00:07]} Re1+ {[%emt 0:00:29]} 80. Kf5 {[%emt 0:00:13]} Rf1+ {[%emt 0:00:08]} 81. Rf4 {[%emt 0:00:04]} Ra1 {[%emt 0:00:08]} 82. Rf3 {[%emt 0:04:10]} Rb1 {[%emt 0:00:32]} 83. h6+ {[%emt 0:01:43]} Kh7 {[%emt 0:00:07]} 84. Re3 {[%emt 0:00:43]} Rf1+ {[%emt 0:00:20]} 85. Kg4 {[%emt 0:00:09]} Rg1+ {[%emt 0:00:09]} 86. Kh4 {[%emt 0:00:20]} Rh1+ {[%emt 0:00:14]} 87. Rh3 {[%emt 0:00:07]} Rg1 {[%emt 0:00:14]} 88. Kh5 {[%emt 0:00:06]} Rg2 {[%emt 0:00:16]} 89. Rh1 {[%emt 0:00:13]} Rg3 {[%emt 0:00:10]} 90. Ra1 {[%emt 0:00:05]} Rh3+ {[%emt 0:00:41]} 91. Kg4 {[%emt 0:00:04]} Rb3 {[%emt 0:00:15]} 92. Ra7+ {[%emt 0:00:05]} Kg8 {[%emt 0:00:09]} 93. g6 {[%emt 0:01:11]} Rb4+ {[%emt 0:00:04]} 94. Kf5 {[%emt 0:00:05]} Rb5+ {[%emt 0:00:03]} 95. Ke4 {[%emt 0:00:10]} Rb8 {[%emt 0:00:38]} 96. Re7 {[%emt 0:00:21]} Rb4+ {[%emt 0:01:43]} 97. Kf5 {[%emt 0:00:05]} Rb5+ {[%emt 0:00:04]} 98. Re5 {[%emt 0:00:11]} Rb8 {[%emt 0:00:05]} 99. Kg5 {[%emt 0:00:07]} Kf8 {[%emt 0:00:59]} 100. Rf5+ {[%emt 0:00:11]} Kg8 {[%emt 0:00:06]} 101. h7+ {[%emt 0:00:14]} Kg7 {[%emt 0:00:04]} 102. Rf7+ {[%emt 0:00:10]} Kh8 {[%emt 0:00:03]} 103. Kh6 {[%emt 0:00:07]} 1-0

[Event "Budapest Spring Festival 2019"]
[Site "Budapest"]
[Date "2019.04.16"]
[Round "8.13"]
[White "Kantor, Gergely"]
[Black "Daggupati, Balaji"]
[Result "1-0"]
[WhiteElo "2505"]
[BlackElo "2326"]
[Annotator "TA"]
[PlyCount "97"]
[EventDate "2019.04.09"]
[EventType "swiss"]
[EventCountry "HUN"]
[SourceTitle "playchess.com"]
[Source "ChessBase"]
[SourceQuality "1"]

{[%evp 31,97,20,19,0,0,-14,0,-15,-8,0,0,-18,0,0,0,0,0,0,0,0,9,16,56,43,42,29,63,42,95,62,65,52,61,10,125,0,61,61,61,56,261,255,411,422,664,641,1042,1043,1098,884,684,965,707,688,1098,1087,719,741,29974,29973,29977,29978,29978,29978,29975,12067,29990,29991]} 1. d4 {Krasenkow,M} d5 2. c4 c6 3. Nf3 Nf6 4. Nc3 e6 5. Bg5 dxc4 6. e4 b5 7. e5 h6 8. Bh4 g5 9. Nxg5 hxg5 10. Bxg5 Nbd7 11. g3 Rg8 12. h4 Rxg5 13. hxg5 Nd5 14. g6 fxg6 15. Qg4 Qe7 16. Bg2 {D44: Semi-Slav: Botvinnik System} N7b6 {LiveBook: 11 Games} 17. Be4 Kd8 {[#]} 18. a3 $146 {The position is equal.} ({Predecessor:} 18. Qxg6 Bd7 19. Rh7 Qb4 20. Rb1 Nxc3 21. bxc3 Qxc3+ 22. Ke2 Qa3 23. Rbh1 Qb2+ {1-0 (35) Bacrot,E (2700)-Sasikiran,K (2664) Khanty-Mansiysk 2009 CBM 134 [Krasenkow,M]}) 18... b4 19. Ne2 $1 bxa3 20. bxa3 Qg7 21. Bxg6 {[#] Strongly threatening Rh7.} Ne7 22. Bh5 $1 Qxg4 23. Bxg4 {Threatens to win with Rh8.} Nbd5 24. Rc1 Rb8 25. Rxc4 Rb1+ 26. Rc1 Rxc1+ 27. Nxc1 Ng6 28. Nd3 Bxa3 29. Kd2 Be7 (29... a5 $14) 30. Bh5 {[%mdl 1024] White has strong compensation.} Nf8 31. f4 a5 32. Ra1 (32. Bf3 $14) 32... Nb6 (32... Nd7 $1 $11 {keeps the balance.}) 33. g4 (33. Nc5 $16) 33... Ba6 (33... Nd5 $1 $11) 34. Nc5 $14 Bxc5 $1 35. dxc5 Nc4+ $2 {[#]} (35... Nd5 $1 $14) 36. Kc3 $18 Nd7 $2 (36... Ne3 37. Rxa5 Bc8) 37. g5 Ke7 (37... Ne3 $142 38. g6 (38. Rxa5 Nd5+ 39. Kd4 Nxf4 $18) 38... Nd5+ 39. Kd4 Ne7 40. Rxa5 Bb7) 38. Be2 Ncxe5 39. Bxa6 {[%mdl 4096] Endgame KRB-KNN} Ng6 40. Rxa5 Nxf4 41. Bd3 Nd5+ 42. Kd2 Ne5 {Black hopes to continue with ...Nf3+.} 43. Ra7+ Kf8 44. Be4 Nf7 45. g6 Ng5 46. Bxd5 exd5 47. Kc3 Ne6 48. Kb4 (48. Ra6 $142 Nxc5 49. Rxc6 Ne4+ 50. Kd4 Ng3 51. Rc7 Nh5 52. Rf7+ Kg8 53. Kxd5) 48... Nf4 49. Rf7+ {Precision: White = 56%, Black = 34%.} 1-0

[Event "Budapest Spring Festival 2019"]
[Site "Budapest"]
[Date "2019.04.16"]
[Round "8.14"]
[White "Livaic, Leon"]
[Black "Dixit, Nikhil"]
[Result "1-0"]
[WhiteElo "2474"]
[BlackElo "2302"]
[Annotator "TA"]
[PlyCount "87"]
[EventDate "2019.04.09"]
[EventType "swiss"]
[EventCountry "HUN"]
[SourceTitle "playchess.com"]
[Source "ChessBase"]
[SourceQuality "1"]

{[%evp 28,87,97,74,80,80,84,77,81,74,87,60,75,69,67,73,74,62,72,0,68,33,25,6,23,14,36,9,75,85,117,127,119,116,118,118,149,115,101,105,139,145,215,224,221,231,218,208,258,267,483,460,466,469,450,447,1331,1291,1094,1157,1606,583]} 1. d4 Nf6 2. c4 g6 3. Nc3 Bg7 4. e4 d6 5. f3 O-O 6. Bg5 c5 7. d5 e6 8. Qd2 h6 9. Be3 exd5 10. cxd5 Nbd7 11. Nh3 h5 {A65: Modern Benoni: 6 e4} 12. Be2 a6 13. a4 Ne5 14. Nf2 Rb8 (14... Nh7 15. O-O f5 16. exf5 gxf5 17. Nh3 Qf6 18. Nf4 Qf7 19. a5 Re8 20. Kh1 Bd7 21. Na4 Bxa4 22. Rxa4 {½-½ (80) Barbosa,O (2518)-Vovk,A (2633) chess.com INT 2017}) 15. O-O {LiveBook: 3 Games} Ne8 $146 ({Predecessor:} 15... Re8 16. h3 Qa5 17. Bh6 Bh8 18. f4 Ned7 19. f5 Ne5 20. g4 hxg4 21. hxg4 {1-0 (43) Sorokopudov,V (2062)-Luukkonen,T (2358) Jyvaskyla 2014}) 16. Bh6 f5 17. Bxg7 Nxg7 18. f4 Nf7 19. Rfe1 Re8 20. Bc4 Bd7 21. a5 Qf6 22. Rad1 Qd8 23. Ra1 (23. e5 $5 dxe5 24. d6 $14) 23... Qf6 $1 24. b3 h4 25. Rad1 Nh5 26. Nh3 {Strongly threatening e5!} Kg7 27. Ng5 Nxg5 (27... Qd4+ $1 $11 28. Qxd4+ cxd4 29. Rxd4 Nxf4 30. Nxf7 Kxf7) 28. fxg5 $16 Qd4+ 29. Qxd4+ cxd4 30. Rxd4 Re5 31. Be2 f4 32. Bxh5 gxh5 33. Rf1 Rf8 34. Rb4 Bc8 {[#]} (34... Rxg5 $16 {keeps fighting.} 35. Rxb7 Rf7) 35. Ne2 $1 $18 Rxg5 {aiming for ...f3.} 36. Rxf4 h3 37. g3 {[%cal Bg2g3,Bg3h4][%mdl 32]} Rxf4 38. Nxf4 {[%mdl 4096] Endgame KRB-KRN} h4 $2 (38... Kf7 39. Kf2 Re5) 39. Rc4 {White is clearly winning.} Bg4 {Now ...hxg3 and Black clings on.} 40. gxh4 Re5 41. Kf2 Kf6 (41... Re7 $142 42. Rb4 Kf7) 42. Nd3 Re8 {[#]} 43. e5+ $1 Kf5 (43... dxe5 44. Rxg4) 44. Rf4+ {Precision: White = 82%, Black = 54%.} 1-0

[Event "Budapest Spring Festival 2019"]
[Site "Budapest"]
[Date "2019.04.16"]
[Round "8.15"]
[White "Bronstein, Or"]
[Black "Abdumalik, Zhansaya"]
[Result "0-1"]
[WhiteElo "2387"]
[BlackElo "2463"]
[Annotator "TA"]
[PlyCount "82"]
[EventDate "2019.04.09"]
[EventType "swiss"]
[EventCountry "HUN"]
[SourceTitle "playchess.com"]
[Source "ChessBase"]
[SourceQuality "1"]

{[%evp 17,82,22,66,38,59,23,36,25,66,24,55,30,52,48,68,65,84,78,93,93,108,94,105,76,81,72,104,75,81,-13,-11,-29,-12,-56,-75,-63,-55,-83,-64,-61,-40,-192,-184,-177,-183,-210,-184,-173,-175,-175,-178,-180,-149,-204,-142,-276,-280,-275,-188,-204,-186,-256,-256,-250,-252,-281,-229]} 1. d4 Nf6 2. c4 d6 3. Nc3 Nbd7 4. e4 e5 5. Nf3 g6 6. Be2 Bg7 7. O-O O-O 8. Re1 c6 9. Bf1 Qe7 10. h3 {E95: King's Indian: Classical: 7...Nbd7 8 Re1} Re8 (10... Ne8 11. a4 a5 12. b3 Nc7 13. Ba3 exd4 14. Nxd4 Nc5 15. e5 dxe5 16. Ne4 N7a6 17. Nxc5 Nxc5 {1-0 (59) Li,C (2732)-Onischuk,V (2637) Riadh 2017}) 11. Rb1 $146 ({Predecessor:} 11. Be3 exd4 12. Bxd4 a5 13. Qd2 Nc5 14. Rad1 Be6 15. Nh2 Rad8 16. Qe3 Ncd7 17. Na4 {1-0 (35) Hasenohr,B (2281)-Borner,D (2161) Bern 2014}) 11... exd4 12. Nxd4 {White is slightly better.} a5 13. Bg5 h6 14. Bf4 Ne5 15. b3 Nh5 16. Be3 Qf6 17. g3 Nd7 18. Bg2 Nc5 19. Rc1 Qd8 20. Qc2 Nf6 21. Rcd1 {Hoping for Nxc6!} Qe7 22. Bf4 Nfd7 23. g4 (23. Nde2 $16) 23... Bxd4 $11 24. Rxd4 Ne6 $1 {[%csl LRd4,LRf4]} 25. Qd2 Nxd4 26. Qxd4 Ne5 27. Rd1 g5 28. Bg3 {[#]} h5 $1 {Strongly threatening ...a4.} 29. gxh5 $2 {[#]} (29. Qxd6 $15 Qxd6 30. Rxd6) 29... Bxh3 $1 $19 {[%mdl 512]} 30. Qxd6 {[#]} (30. Bxh3 Nf3+) 30... Bg4 $1 {[%cal Rg4d1][%mdl 64] Double Attack} 31. Rd2 Qxd6 32. Rxd6 Bxh5 33. f4 gxf4 34. Bxf4 Ng6 35. Bg5 (35. Bg3 $17) 35... Bg4 36. e5 (36. Bf6 $17 {might work better.}) 36... Rxe5 37. Ne4 Be6 38. Bf6 Rf5 39. Bc3 (39. Rd8+ $142 Rxd8 40. Bxd8) 39... Kf8 40. Rd2 Nh4 41. Bb2 b6 {Accuracy: White = 37%, Black = 63%.} 0-1

[Event "Budapest Spring Festival 2019"]
[Site "Budapest"]
[Date "2019.04.16"]
[Round "8.16"]
[White "Turzo, Attila"]
[Black "Erenberg, Ariel"]
[Result "0-1"]
[WhiteElo "2296"]
[BlackElo "2437"]
[Annotator "TA"]
[PlyCount "60"]
[EventDate "2019.04.09"]
[EventType "swiss"]
[EventCountry "HUN"]
[SourceTitle "playchess.com"]
[Source "ChessBase"]
[SourceQuality "1"]

{[%evp 19,60,12,16,5,13,14,12,5,9,16,13,6,16,0,12,0,10,-8,-6,-12,-20,-52,-45,-67,-63,-60,-62,-55,-58,-415,-415,-414,-413,-413,-399,-5243,-5066,-5066,-4862,-29985,-29986,-29998,-29999]} 1. d4 Nf6 2. c4 g6 3. g3 Bg7 4. Bg2 d5 5. cxd5 Nxd5 6. Nf3 O-O 7. O-O Nb6 8. Nc3 Nc6 9. e3 Re8 10. b3 e5 11. Nxe5 {D76: Fianchetto Grünfeld: Main Line with 7...Nb6} Nxe5 12. dxe5 Qxd1 (12... Bxe5 13. Bb2 Qe7 14. Qc2 c6 15. Rad1 Bg4 16. f3 Be6 17. f4 Bg7 18. e4 Rad8 19. e5 Bg4 20. Bf3 Rxd1 21. Qxd1 {0-1 (59) Giri,A (2784)-Vachier Lagrave,M (2773) London 2015}) 13. Rxd1 {The position is equal.} Bxe5 14. Bb2 c6 15. Rd2 f5 16. Re1 {[#]} a5 $146 ({Predecessor:} 16... Be6 17. f4 Bg7 18. e4 Rad8 {½-½ (40) Damljanovic,B (2560)-Kozul,Z (2580) Cetinje 1991}) 17. f4 Bg7 18. e4 a4 19. Nxa4 Nxa4 20. bxa4 Bf8 {And now ...Bb4 would win.} 21. Bc3 Rxa4 {[%cal Rf5e4]} 22. Rde2 Bc5+ 23. Kh1 fxe4 24. Bxe4 $2 {[%mdl 8192] [#]} (24. Rxe4 $15 Rexe4 25. Rxe4 Rxe4 26. Bxe4) 24... Bg4 $1 $19 {( -> ...Raxe4)} 25. Bd5+ cxd5 26. Rxe8+ Kf7 {[%cal Rg4f3]} 27. h4 $2 (27. R8e3 Bxe3 28. Rxe3) 27... Bf3+ 28. Kh2 Rxa2+ 29. Kh3 h5 {[%csl Gh5][%cal Rf3g4]} 30. g4 hxg4+ {Accuracy: White = 18%, Black = 76%.} 0-1